00792nam a22002177a 450000100060000000300080000600500170001400800410003103500190007204000270009104100080011808200280012611000410015424501510019526000390034630000330038549000470041850400510046565000120051683000460052835408BD-RjUL20211209052321.0140524s1969 nyua|||| b||| 001 0 eng d a(BD-RjUL)35500 aDLCbengcDLCdBD-RjUL aeng04a304.6015bUNH Pt-3 19692 aUnited Nations.bStatistical Office.20aHandbook of population and housing census methods /cUnited Nations. Statistical Office.nPart III :ptopics and tabulations for housing censuses. aNew York :bUnited Nations,c1969. avi, 111 p. :bill. ;c28 cm. aStudies in methods.,vSeries F ;, no. 16.  aIncludes bibliographical references and index. 0aCensus. aStudies in methods., Series F ;, no. 16.